A history of modern France (Record no. 356915)

MARC details
000 -LEADER
fixed length control field 00681nam a2200217Ia 4500
008 - FIXED-LENGTH DATA ELEMENTS--GENERAL INFORMATION
fixed length control field 191130s2005##################000#0#eng##
020 ## - INTERNATIONAL STANDARD BOOK NUMBER
International Standard Book Number 9780131932937
040 ## - CATALOGING SOURCE
Original cataloging agency ACL
Transcribing agency ACL
082 ## - DEWEY DECIMAL CLASSIFICATION NUMBER
Classification number 944 POP
100 ## - MAIN ENTRY--PERSONAL NAME
Personal name Popkin, Jeremy D
245 ## - TITLE STATEMENT
Title A history of modern France
Statement of responsibility, etc. Jeremy D. Popkin
250 ## - EDITION STATEMENT
Edition statement 3rd ed
260 ## - PUBLICATION, DISTRIBUTION, ETC.
Place of publication, distribution, etc. Upper Saddle River, NJ
Name of publisher, distributor, etc. Pearson/Prentice Hall
Date of publication, distribution, etc. 2005
300 ## - PHYSICAL DESCRIPTION
Extent xv, 362 p. : ill., maps ; 24 cm
500 ## - GENERAL NOTE
General note Includes bibliographical references (p. 332-344) and index
650 ## - SUBJECT ADDED ENTRY--TOPICAL TERM
Topical term or geographic name entry element France - History - 1789-
Topical term or geographic name entry element France - History - 18th century
990 ## - EQUIVALENCES OR CROSS-REFERENCES [LOCAL, CANADA]
Link information for 9XX fields af6ae3f9ac10000c7d3c5f3ce4a3a865
991 ## -
-- 222870

No items available.

Find us on the map